01169nam a2200265 i 4500001000300000100002000003245019500023260003200218300002700250490004400277500008600321500012500407504001400532650003400546650001700580650002900597650003400626830003200660020001500692040000800707041001800715080003100733008004100764856009800805bg1 aBRUSLE, Jacques10aThe impact of harmful algal blooms on finfish =bImpact des toxines algales sur les poissons : mortality, pathology and toxicology = mortalité, pathologie, toxicologie /cJacques Bruslé. aPlouzane :bIfremer,c1995. a75 s. :bil. ;c30 cm.1 aReperes Ocean,x1240-1153 ;vNo 10-1995 aTyt. równol.: "Impact des toxines algales sur les poissons". - Streszcz. franc. aPraca przedstawiona na konferencji "6e Confernce Internationale sur le Phytoplancton Marin, Nantes, 18-22 octobre 1993". aBibliogr. 9aGlonyxwpływ na środowisko 9aRyby morskie 9aMorzexekologiaxbadanie 9aMorzexfauna i floraxbadanie aReperes Ocean,x1240-1153 ; a2905434643 cBPK1 aengbfrahfra a582.26:592.2/.5:574.5](26) s pl f |000 0 pol  uhttp://koha.tu.koszalin.pl/cgi-bin/koha/opac-detail.pl?biblionumber=45046yKatalog online BPK